Piramus et Tisbé (Record no. 62152)

MARC details
000 -LEADER
campo de control de longitud fija 00601nam a2200193 i 4500
001 - NÚMERO DE CONTROL
campo de control 62152
003 - IDENTIFICADOR DE NÚMERO DE CONTROL
campo de control ES-MaACL
005 - FECHA Y HORA DE LA ÚLTIMA TRANSACCIÓN
campo de control 20230906164622.0
007 - CAMPO FIJO DE DESCRIPCIÓN FÍSICA--INFORMACIÓN GENERAL
campo de control de longitud fija t|
008 - DATOS DE LONGITUD FIJA--INFORMACIÓN GENERAL
campo de control de longitud fija 170915s1921 fr ||||1| fre d
245 00 - MENCIÓN DEL TÍTULO
Título Piramus et Tisbé
Resto del título : poème du XIIe. Siècle /
Mención de responsabilidad, etc. édité par C. de Boer.
260 ## - PUBLICACIÓN, DISTRIBUCIÓN, ETC.
Lugar de publicación, distribución, etc. Paris :
Nombre del editor, distribuidor, etc. Honoré Champion,
Fecha de publicación, distribución, etc. 1921.
300 ## - DESCRIPCIÓN FÍSICA
Extensión XII, 52 p. ;
Dimensiones 19 cm.
490 1# - MENCIÓN DE SERIE
Mención de serie Les Classiques français du moyen age ;
Designación de volumen o secuencia 26
700 0# - ENTRADA AGREGADA--NOMBRE PERSONAL
Nombre de persona Boer, C. de.
9 (RLIN) 29749
830 0# - PUNTO DE ACCESO ADICIONAL DE SERIE-TÍTULO UNIFORME
Título uniforme Les Classiques français du moyen age ;
Designación de volumen o secuencia 26
9 (RLIN) 185716
852 ## - LOCALIZACIÓN
Ubicación ES-MaACL
Número de control de estantería 1626-F-3
Holdings
Estatus retirado Estado de pérdida Estado de daño No para préstamo Colección Biblioteca de origen Biblioteca actual Ubicación en estantería Fecha de adquisición Fuente de adquisición Total de préstamos Signatura topográfica completa Código de barras Visto por última vez Precio de reemplazo Tipo de ítem Koha
        Colección de folletos Biblioteca del Ateneo de Madrid Biblioteca del Ateneo de Madrid Depósito folletos 15/09/2017     1626-F-3 1198011 23/02/2023 23/02/2023 Folleto